Economía para todos / (Registro nro. 5350)
[ vista simple ]
| 000 -LEADER | |
|---|---|
| fixed length control field | 01909nam a2200301Ia 4500 |
| 003 - CONTROL NUMBER IDENTIFIER | |
| control field | OSt |
| 005 - DATE AND TIME OF LATEST TRANSACTION | |
| control field | 20210204172901.0 |
| 008 - FIXED-LENGTH DATA ELEMENTS--GENERAL INFORMATION | |
| fixed length control field | 191128s1995 ck ad fr 000 0dspa d |
| 020 ## - INTERNATIONAL STANDARD BOOK NUMBER | |
| International Standard Book Number | 9589272487 |
| 040 ## - CATALOGING SOURCE | |
| Original cataloging agency | CO-JMCR |
| Transcribing agency | CO-JMCR |
| 041 0# - LANGUAGE CODE | |
| Language code of text/sound track or separate title | spa |
| 082 04 - DEWEY DECIMAL CLASSIFICATION NUMBER | |
| Classification number | 330.0202 / |
| Item number | P981e |
| Edition number | 23 |
| 100 1# - MAIN ENTRY--PERSONAL NAME | |
| Personal name | Pulecio, Jorge, |
| Relator term | autor |
| 9 (RLIN) | 5492 |
| 245 10 - TITLE STATEMENT | |
| Title | Economía para todos / |
| Statement of responsibility, etc. | Jorge Pulecio, Salomón Kalmanovitz y Beethoven Herrera [y otros 5] |
| 250 ## - EDITION STATEMENT | |
| Edition statement | Primera edición |
| 260 ## - PUBLICATION, DISTRIBUTION, ETC. | |
| Place of publication, distribution, etc. | Bogotá : |
| Name of publisher, distributor, etc. | Fescol, |
| Date of publication, distribution, etc. | 1995 |
| 300 ## - PHYSICAL DESCRIPTION | |
| Extent | 242 páginas : |
| Other physical details | gráficos a blanco y negro ; |
| Dimensions | 21 cm. |
| 500 ## - GENERAL NOTE | |
| General note | Incluye notas a pie de página y datos biográficos de los autores. |
| 504 ## - BIBLIOGRAPHY, ETC. NOTE | |
| Bibliography, etc. note | Bibliografía al final de cada capítulo. |
| 505 0# - FORMATTED CONTENTS NOTE | |
| Formatted contents note | Introducción a la economía -- Historia de las teorías del desarrollo económico -- Escuelas y modelos económicos -- Macroeconomía elemental -- Microeconomía neoclásica -- Economía de la empresa -- Economía del trabajo -- Economía internacional -- La política de apertura |
| 520 3# - SUMMARY, ETC. | |
| Summary, etc. | Todos tenemos nociones intuitivas de lo que es economía, pero la interpretación sistemática de estas nociones, hasta alcanzar a entender la naturaleza y el origen de los fenómenos identificados, las relaciones de causalidad y efecto no es común a todos. Este volumen ofrece a aquellos que no se mueven con propiedad en la interpretación de los fenómenos económicos una excelente introducción a la historia de la economía, a las escuelas y a los modelos económicos, a la macroeconomía elemental y a la microeconomía clásica, a la política monetaria, a la economía de la empresa y del trabajo y a la economía internacional. |
| 650 14 - SUBJECT ADDED ENTRY--TOPICAL TERM | |
| Topical term or geographic name entry element | Economía |
| 9 (RLIN) | 5493 |
| 650 14 - SUBJECT ADDED ENTRY--TOPICAL TERM | |
| Topical term or geographic name entry element | Teoría económica |
| 9 (RLIN) | 5494 |
| 650 14 - SUBJECT ADDED ENTRY--TOPICAL TERM | |
| Topical term or geographic name entry element | Economía gerencial |
| 9 (RLIN) | 5495 |
| 700 1# - ADDED ENTRY--PERSONAL NAME | |
| Personal name | Kalmanovitz, Salomón, |
| Relator term | autor |
| 9 (RLIN) | 5368 |
| 700 1# - ADDED ENTRY--PERSONAL NAME | |
| Personal name | Herrera, Beethoven, |
| Relator term | autor |
| 9 (RLIN) | 5496 |
| 942 ## - ADDED ENTRY ELEMENTS (KOHA) | |
| Source of classification or shelving scheme | Dewey Decimal Classification |
| Koha item type | Books |
| Withdrawn status | Lost status | Source of classification or shelving scheme | Damaged status | Not for loan | Collection code | Home library | Current library | Date acquired | Source of acquisition | Cost, normal purchase price | Total Checkouts | Total Renewals | Full call number | Barcode | Date last seen | Date last checked out | Copy number | Koha item type |
|---|---|---|---|---|---|---|---|---|---|---|---|---|---|---|---|---|---|---|
| Dewey Decimal Classification | Non-fiction | Biblioteca Pública José María del Castillo y Rada | Biblioteca Pública José María del Castillo y Rada | 04/15/2018 | Donación | 0.00 | 7 | 2 | 330.0202 / P981e | 430001743 | 03/18/2026 | 03/18/2026 | Ej.1 | Books |